[Event "CZE-ch Juniors op-A"]
[Site "Zlate Hory"]
[Date "2006.03.14"]
[Round "5"]
[White "Beil, Martin"]
[Black "Glaser, Jiri"]
[Result "0-1"]
[WhiteElo "2202"]
[BlackElo "2083"]
[PlyCount "132"]
[EventDate "2006.03.11"]
[EventType "swiss"]
[EventRounds "9"]
[EventCountry "CZE"]
[SourceTitle "EXT 2008"]
[Source "ChessBase"]
[SourceDate "2007.11.25"]
[SourceVersion "1"]
[SourceVersionDate "2007.11.25"]
[SourceQuality "1"]

1. d4 Nf6 2. c4 e6 3. Nc3 Bb4 4. e3 Bxc3+ 5. bxc3 d6 6. Bd3 c5 7. f4 0-0 8. Nf3 Nbd7 9. 0-0 Re8 10. Qc2 b6 11. Ng5 Nf8 12. Bd2 Bb7 13. Rae1 h6 14. Nf3 d5 15. Ne5 Ne4 16. f5 exf5 17. cxd5 f6 18. Nf3 Qxd5 19. c4 Qd7 20. d5 b5 21. Nh4 bxc4 22. Bxc4 Bxd5 23. Rd1 Bxc4 24. Qxc4+ Qe6 25. Qc2 g6 26. Bc1 c4 27. Nf3 c3 28. Nd4 Qc4 29. Nb3 Rad8 30. Na5 Qb5 31. Nb3 Ne6 32. Ba3 Qe5 33. g3 h5 34. Qg2 Rd5 35. Rxd5 Qxd5 36. h3 Qd3 37. Bc1 Nd2 38. Bxd2 cxd2 39. Qxd2 Qxd2 40. Nxd2 Rd8 41. Rf2 Rd3 42. Re2 Nc5 43. Nf3 Ne4 44. Kg2 Ra3 45. Nd4 Nc3 46. Rc2 Rxa2 47. Rxa2 Nxa2 48. Kf3 Nc3 49. g4 fxg4+ 50. hxg4 h4 51. Nc6 a6 52. Nd4 Kf7 53. Nc6 Ke6 54. e4 g5 55. Na5 Kd6 56. Nb3 Nb5 57. Nd2 Ke5 58. Ke3 Ke6 59. Nc4 Nd6 60. Na5 Nf7 61. Nb3 Kd6 62. Nd4 Ne5 63. Nf5+ Kc5 64. Nd4 Nc4+ 65. Kd3 Ne5+ 66. Ke3 h3 0-1